视力保健之道 (Record no. 15277)

000 -LEADER
fixed length control field 00463nam a22001937a 4500
003 - CONTROL NUMBER IDENTIFIER
control field MPLRDC
005 - DATE AND TIME OF LATEST TRANSACTION
control field 20220104123926.0
008 - FIXED-LENGTH DATA ELEMENTS--GENERAL INFORMATION
fixed length control field 210129b ||||| |||| 00| 0 eng d
020 ## - INTERNATIONAL STANDARD BOOK NUMBER
International Standard Book Number 957-99955-5-9
082 ## - DEWEY DECIMAL CLASSIFICATION NUMBER
Classification number 416.7 YJJ
100 ## - MAIN ENTRY--PERSONAL NAME
Personal name 杨菁菁 编
245 ## - TITLE STATEMENT
Title 视力保健之道
Statement of responsibility, etc.
250 ## - EDITION STATEMENT
Edition statement 初版
260 ## - PUBLICATION, DISTRIBUTION, ETC.
Place of publication, distribution, etc.
Name of publisher, distributor, etc. 名望出版社
Date of publication, distribution, etc. 1994
300 ## - PHYSICAL DESCRIPTION
Other physical details
490 ## - SERIES STATEMENT
Series statement 健康生活. 6
650 ## - SUBJECT ADDED ENTRY--TOPICAL TERM
Topical term or geographic name entry element 眼科--视力保健
942 ## - ADDED ENTRY ELEMENTS (KOHA)
Koha item type Book
-- 416.7 YJJ
Holdings
Withdrawn status Lost status Source of classification or shelving scheme Damaged status Not for loan Collection code Home library Current library Shelving location Date acquired Cost, normal purchase price Total Checkouts Full call number Barcode Date last seen Date last checked out Price effective from Koha item type Public note
            Malaysian Public Library, Research and Development Centre Malaysian Public Library, Research and Development Centre   10/12/2007 10.80   416.7 YJJ 00015314 17/03/2021 17/12/2017 17/03/2021 Book mplrdc

© 2022. Malaysian Public Library, Research and Development Centre. All Right ReservedE-mailmplrdc@help.edu.my 

Powered by Koha